Die Verwandlung /

La colección Lesen und Uben ofrece material de lectura para el aprendizaje del alemán como una segunda lengua, con textos originales y versiones adaptadas y simplificadas de obras literarias, graduados en cuatro niveles, desde el básico hasta el intermedio alto. Cada volumen contiene ejercicios para...

Descripció completa

Guardat en:
Dades bibliogràfiques
Autor principal: Kafka, Franz (autor)
Altres autors: Seiffarth, Achim (versión) (versión), Lopez, Duilio (ilustración) (ilustración)
Format: Llibre
Idioma:German
Publicat: Génova, Italia : CIDEB, 2003, c2003
Col·lecció:(Lesen und Uben. B1)
(Black Cat CIDEB)
Matèries:
Etiquetes: Afegir etiqueta
Sense etiquetes, Sigues el primer a etiquetar aquest registre!

MARC

LEADER 00000nam^a2200000^a^4500
001 000408584
005 20250521000000.0
009 20260310121957.179
020 |a 978-88-7754-808-5 
037 |a Acervo ITESO - Biblioteca 
041 |a ALE 
082 |a 435.  |b CID LES S. 3 V. 1 
100 |a Kafka, Franz  |e (autor) 
240 1 1 |a [CIDEB: lesen und üben] 
240 1 4 |a [La metamorfosis, de Kafka] 
245 1 4 |a Die Verwandlung /  |c F. Kafka ; versión de A. Seiffarth ; il. de D. Lopez. 
264 4 |a Génova, Italia :  |b CIDEB,  |c 2003, c2003 
300 |a 96 p. +  |e 1 disco compacto sonoro (sin dato de duración) 
336 |a texto  |b txt  |2 rdacontenido 
337 |a sin mediación  |b n  |2 rdamedio 
338 |a volumen  |b nc  |2 rdasoporte 
440 1 |a (Lesen und Uben.  |p B1) 
440 1 |a (Black Cat CIDEB) 
520 |a La colección Lesen und Uben ofrece material de lectura para el aprendizaje del alemán como una segunda lengua, con textos originales y versiones adaptadas y simplificadas de obras literarias, graduados en cuatro niveles, desde el básico hasta el intermedio alto. Cada volumen contiene ejercicios para aprovechar la lectura y se acompaña de un disco compacto sonoro que reproduce el contenido del libro. 
521 |a FIL 2018 EEnlace Departamento de Lenguas 
545 0 |a El escritor checo Franz Kafka (1883-1924), nacido en Praga, cuya producción literaria realizada en alemán, forma parte de lo más sobresaliente e innovador de la literatura alemana del siglo XX, está caracterizada por la presencia del absurdo y la ironía con un marcado realismo y profundidad metafísica. Con la colección de prosas Contemplaciones (1913), se da a conocer; le sigue La metamorfosis (1916), su obra más famosa. Kafka completó o bosquejó sus obras más importantes entre los años 1910-1920, pero no quiso publicarlas y en su testamento pidió que fueran destruidas. Contra la voluntad del autor, su amigo Max Brod se encargó de sacarlas a la luz: como lo fueron los cuentos La condena (1916); En la colonia penitenciaria (1919) y El médico rural (1919), la colección La muralla china (1918) y las novelas inacabadas América (iniciada en 1910, editada en 1927), El proceso (1914-1915, publicada en 1924) y El castillo (1922, editada en 1926). En conjunto, la obra kafkiana es uno de los legados más importantes de las letras mundiales del siglo XX, cuya influencia se extiende a diversas expresiones artísticas, además de la literatura. 
649 |a XX 
650 |a Novela Checa 
650 |a Literatura Checa -  |y Siglo XX 
650 |a Literatura en Alemán -  |z Checoslovaquia 
650 |a Alemán -  |x Estudio y Enseñanza -  |x Tema Principal 
650 |a Alemán como Lengua Extranjera -  |x Estudio y Enseñanza -  |x Tema Principal 
650 |a Lenguas Extranjeras -  |x Estudio y Enseñanza 
700 |a Seiffarth, Achim  |e (versión) 
700 |a Lopez, Duilio  |e (ilustración) 
910 |a Fondo General 
920 |a Impresos - Libros 
930 |a Colección General 
905 |a 101 
901 |a 0500311789  |b IT1  |c LEN  |i C162019  |u 20250521 
902 |a https://opac.biblio.iteso.mx/vufind/Record/000408584